Designed to be like Him: (Record no. 13016)

000 -LEADER
fixed length control field 00678nam a2200193 a 4500
001 - CONTROL NUMBER
control field :::00010834$&:&@@
003 - CONTROL NUMBER IDENTIFIER
control field OkBaRHE
005 - DATE AND TIME OF LATEST TRANSACTION
control field 20000607103403.0
008 - FIXED-LENGTH DATA ELEMENTS--GENERAL INFORMATION
fixed length control field s1975 j 000 0 eng u
040 ## - CATALOGING SOURCE
Transcribing agency
100 1# - MAIN ENTRY--PERSONAL NAME
Personal name Pentecost, J. Dwight.
245 10 - TITLE STATEMENT
Title Designed to be like Him:
Remainder of title fellowship, conduct, conflict, maturity.
260 ## - PUBLICATION, DISTRIBUTION, ETC. (IMPRINT)
Place of publication, distribution, etc Chicago, IL., :
Name of publisher, distributor, etc Moody Press
Date of publication, distribution, etc 1975
300 ## - PHYSICAL DESCRIPTION
Extent 288 p. ;
Dimensions 21 cm.
650 ## - SUBJECT ADDED ENTRY--TOPICAL TERM
Topical term or geographic name as entry element Christian Life
942 ## - ADDED ENTRY ELEMENTS (KOHA)
Source of classification or shelving scheme
Koha item type Books
Copies
Price effective from Permanent Location Full call number Withdrawn status Source of classification or shelving scheme Date last seen Lost status Shelving location Not for loan Damaged status Koha item type Date acquired Copy number Barcode
2010-04-14RHEMA Bible Training CollegeBV 4501.2 .P3  2010-04-14 General Stacks  Books2010-04-14110834
2010-04-14RHEMA Bible Training CollegeBV 4501.2 .P3  2010-04-14 General Stacks  Books2010-04-14219648